000 01054 a2200193 4500
020 _a053881585X (hardcover)
020 _a9780538815857 (hardcover)
082 0 4 _a658
090 _c5141
_d5141
100 1 _aDuBrin, Andrew J.
245 1 0 _aManagement & organization /
_cAndrew J. DuBrin, R. Duane Ireland.
250 _a2 Sub ed.
260 _a[S.l.] :
_bSouth-Western Educational Publishing,
_c1993.
300 _a672 p. ;
_c27 cm.
520 _aIn this book contemporary perspectives are introduced within each major management function. It is organized around a traditional management approach - planning, organizing, leadership and control. Emphasis is placed on classical, behavioural and management science points of view. Coverage includes: production/work teams, organizational politics, employee empowerment, effective cross-cultural management and techniques for improving teamwork.
700 1 _aIreland, R. Duane.
856 4 0 _3Amazon.com
_uhttp://www.amazon.com/exec/obidos/ASIN/053881585X/chopaconline-20
942 _aNBS
_cBK
_k658 DUB
999 _c347561
_d347561